000 00250nam a2200097Ia 4500
001 645018
005 20250826153615.0
008 250824s9999 xx 000 0 und d
245 0 _aAYNANIN İÇİNDEN
_cLEWIS CARROL
260 _bANTİK DÜNYA KLASİKLERİ
999 _c645018
_d645018